Statistics for 2 Tracklist (Mac DeMarco)

Click here to take the quiz!

General Stats

  • This quiz has been taken 18 times
  • The average score is 8 of 11

Answer Stats

HintAnswer% Correct
8My Kind of Woman
93%
4Annie
86%
1Cooking Up Something Good
79%
2Dreaming
79%
3Freaking Out the Neighborhood
79%
5Ode to Viceroy
79%
6Robson Girl
64%
10Sherrill
64%
9Boe Zaah
50%
11Still Together
50%
7The Stars Keep On Calling My Name
50%

Score Distribution

Percentile by Number Answered

Percent of People with Each Score

Your Score History

You have not taken this quiz